000 00558nam a22001697a 4500
003 OSt
005 20251016061142.0
008 251016b |||||||| |||| 00| 0 eng d
040 _aDWCL-Main Lib
_cOC
082 _a303.34 Ar784 2017
245 _aThe Art of Leadership :
_bPerspective of distinguised thought leaders
260 _aSingapore :
_bWorld Scientific publising co. pte Ltd,
_cc2017.
300 _axiii, 241 pages :
_bcolor illustrations ;
_c23cm.
650 _a1. Leadership
650 _a2. Political leadership
942 _2ddc
_cBK-CIRC
_kCirc
_n0
999 _c4902
_d4902